000 00522nam a2200169 i 4500
001 bg
100 1 _aDRESCHER, Andrzej
245 0 _aParcie i przepływ materiałów ziarnistych w wysokich zbiornikach /
_cA. Drescher.
260 _aWarszawa,
_c1979.
490 1 _aPrace Instytutu Podstawowych Problemów Techniki PAN ;
_v51
830 _aPrace Instytutu Podstawowych Problemów Techniki PAN ;
040 _cBPK
041 _apol
080 _a624.9:539.2
942 _cKS
008 s pl f |000 0 pol
999 _c21303
_d21303
856 _uhttp://koha.tu.koszalin.pl/cgi-bin/koha/opac-detail.pl?biblionumber=21303
_yKatalog online BPK